Superheroes by Pendant Quiz Stats

Quiz Updated Oct 12, 2017

Challenge
Share
Tweet
Score 0/16 Timer 03:00
2 Plays Today
Answer % Correct
Spider-man
98.3%
Hulk
98.2%
Batman
98%
The Flash
98%
Wonder Woman
97.7%
Superman
97.4%
Captain America
97.2%
Iron Man
96.8%
Answer % Correct
Green Lantern
95.3%
Daredevil
89%
Deadpool
88.2%
Aquaman
75.3%
Ant-Man
73.6%
Punisher
72.3%
Robin
71%
Nightwing
28.3%

You're not logged in!

Compare scores with friends on all Sporcle quizzes.
Sign Up with Email
OR
Log In

You Might Also Like...

Show Comments

Extras

Top Quizzes Today


Score Distribution

Your Account Isn't Verified!

In order to create a playlist on Sporcle, you need to verify the email address you used during registration. Go to your Sporcle Settings to finish the process.